000 00649nam a2200265Ia 4500
003 AR-RoIUNI
005 20241122062816.0
008 150630s9999 xx 000 0 und d
020 _a9500203537
040 _dOCLC
_cIUNIR
080 _a617.7 ALE
100 1 _aAlezzandrini, Arturo Alberto
_9358
245 1 _aFundamentos de la oftalmología
250 _a2a. ed.
260 _aBuenos Aires.-
260 _bEl ateneo.-
260 _c1996.-
300 _a326 p.-
300 _c22,5 cm.-
500 _aíndice temático.-
650 1 0 _aMedicina
_958
650 1 0 _aOftalmología
_9357
650 1 0 _aCirugía
_978
942 _cBK
_2cdu
_n1
999 _c2442
_d2442